000 02682cam a22003858i 4500
001 17542602
003 OSt
005 20180116192424.0
008 121128s2013 nju 001 0 eng
010 _a 2012047250
020 _a9780470945780 (pbk.)
040 _aDLC
_beng
_cDLC
_erda
042 _apcc
050 0 0 _aNA2542.3
_b.B76 2013
082 0 0 _a720/.472
_223
084 _aARC009000
_2bisacsh
100 1 _aBrown, G. Z.
_97811
245 1 0 _aSun, wind, and light: architectural design strategies /
_cG.Z. Brown, Knight Professor, Department of Architecture, University of Oregon, Mark DeKay.
250 _aThird [edition].
263 _a1304
300 _apages cm
500 _aIncludes index.
505 8 _aMachine generated contents note: WHAT'S ON THE DVDI THE SUSTAINABLE DESIGN NAVIGATOR Using the Sustainable Design Navigator an electronic tool for design advice queries 28 Analysis Techniques, 8.5 x 11 printable 90 Design Strategies, 8.5 x 11 printable Indexes, searchable Bibliography, searchableII SUSTAINABLE DESIGN RESOURCES Sun Charts and Sundials Climate Data and Analyses Energy Scheming 3.5 software, demo version Additional ResourcesWHAT'S IN THE PRINTED BOOKIII NAVIGATION Abbreviated Contents for the Printed Book Abbreviated Contents for the DVD Detailed Contents for the Printed Book Detailed Contents for the DVD Additional Navigation MethodsIV USING SUN, WIND & LIGHT The Energetic Design Process Net-Zero Energy and Carbon-Neutral Design Selecting Bundles and Making Your Own Using the Sustainable Design NavigatorV THE FUNDAMENTAL BUNDLESVI QUICK DESIGN GUIDELINESVI TOP 25 DESIGN STRATEGIES Appendix Bibliography Indexes.
520 _a"This fully updated Third Edition covers principles of designing buildings that use the sun for heating, wind for cooling, and daylight for natural lighting. Using hundreds of illustrations and companion CD-ROM, this book offers practical strategies that give the designer the tools they need to make energy efficient buildings"--
650 0 _aArchitecture and energy conservation.
_97812
650 0 _aArchitecture and solar radiation.
_97813
650 0 _aInterior lighting.
_97814
650 7 _aARCHITECTURE / Methods & Materials.
_2bisacsh
_97815
700 1 _aDeKay, Mark.
_97816
776 0 8 _iOnline version:
_aBrown, G. Z.
_tSun, wind, and light architectural design strategies
_bThird [edition].
_dHoboken : Wiley, 2013
_z9781118332887
_w(DLC) 2012047931
856 4 2 _3Cover image
_uhttp://catalogimages.wiley.com/images/db/jimages/9780470945780.jpg
906 _a7
_bcbc
_corignew
_d1
_eecip
_f20
_gy-gencatlg
942 _2ddc
_cBK
999 _c354019
_d354019